Finish the Lines VII: The Princess Bride Quiz Stats

Quiz not verified by Sporcle

Score 0/20 Timer 04:00
0 Plays Today
% Correct
Buttercup: Because you've always been so kind to me, and I'll never see you again, because I'm killing myself as soon as we reach the honeymoon suite.
92.9%
Buttercup: There is nothing nearby... Not for miles.
91.7%
Fezzik: I'm on the Brute Squad.
91.5%
Westley: Have you ever considered piracy? You'd make a wonderful Dread Pirate Roberts.
91.1%
Inigo Montoya: I don't swim
89.4%
The Impressive Clergyman: And wuv, tru wuv, will fowow you foweva...
89%
Fezzik: I don't think more than ten.
89%
Man in Black: No one of consequence.
89%
Man in Black: You mean, you'll put down your rock and I'll put down my sword, and we'll try and kill each other like civilized people?
88.6%
Count Rugen: Stop saying that!
88.5%
% Correct
Fezzik: He's in the castle with the prince. But the castle gate is guarded by thirty men.
87.9%
Inigo Montoya: You keep using that word. I do not think it means what you think it means.
87.3%
Westley: You mean you wish to surrender to me? Very well, I accept.
86.7%
Vizzini: Am I going MAD, or did the word 'think' escape your lips? You were not hired for your brains, you hippopotamic land mass.
84.6%
Vizzini: What? Probably some local fisherman, out for a pleasure cruise, at night... in... eel-infested waters...
84.4%
Man in Black: AS... YOU... WISH!
83.9%
Fezzik: It's not my fault being the biggest and the strongest. I don't even exercise.
83.5%
Inigo Montoya: 'kay.
73.9%
Yellin: Oh, you mean *this* gate key.
70.4%
Vizzini: DYEEAAHHHHHH!
67.9%

You're not logged in!

Compare scores with friends on all Sporcle quizzes.
Join for Free
OR
Log In

You Might Also Like...

Show Comments

Extras

Top Quizzes Today


Score Distribution

Your Account Isn't Verified!

In order to create a playlist on Sporcle, you need to verify the email address you used during registration. Go to your Sporcle Settings to finish the process.

Report this User

Report this user for behavior that violates our Community Guidelines.

Details: